[Event "35t. Copenhagen Open (Politiken Cup)"]
[Site "Elsinore"]
[Date "2013.08.03"]
[Round "9"]
[White "Schmidt, Kristian"]
[Black "Skjoldager, Per"]
[Result "1/2-1/2"]
[WhiteElo "2272"]
[BlackElo "2136"]
[PlyCount "86"]
[EventDate "2013.07.27"]
[EventType "swiss"]
[EventRounds "10"]
[EventCountry "DEN"]
[Source "ChessBase"]
[SourceDate "2013.08.26"]

1. e4 c6 2. d4 d5 3. e5 Bf5 4. Nd2 e6 5. Nb3 Nd7 6. Nf3 Ne7 7. Be2 Qc7 8. Be3
c5 9. Nxc5 Nxc5 10. dxc5 Nc6 11. O-O Be7 12. Bb5 O-O 13. Bxc6 bxc6 14. Nd4 Bg6
15. b4 Rfb8 16. a3 a5 17. Qd2 Ra6 18. f4 Be4 19. Rae1 axb4 20. axb4 Ra2 21. Ra1
Rba8 22. Rxa2 Rxa2 23. Qc3 Qb7 24. Rb1 Qa6 25. h3 Bd8 26. Kh2 Bc7 27. Bf2 h6
28. Rc1 Ra3 29. Qe1 Kf8 30. Qf1 Qa4 31. Qe1 Kg8 32. Kg1 Ra2 33. c4 Bd8 34. g3
h5 35. b5 h4 36. g4 Ba5 37. Qf1 Qa3 38. Rd1 Rxf2 39. Kxf2 Qg3+ 40. Ke2 Qc3 41.
Kf2 Qg3+ 42. Ke2 Qc3 43. Kf2 Qg3+ 1/2-1/2

[Event "35t. Copenhagen Open (Politiken Cup)"]
[Site "Elsinore"]
[Date "2013.08.03"]
[Round "9"]
[White "Schmied, Andreas"]
[Black "Nilsen, Martin"]
[Result "0-1"]
[WhiteElo "2063"]
[BlackElo "1820"]
[PlyCount "52"]
[EventDate "2013.07.27"]
[EventType "swiss"]
[EventRounds "10"]
[EventCountry "DEN"]
[Source "ChessBase"]
[SourceDate "2013.08.26"]

1. d4 d5 2. c4 c6 3. Nf3 Nf6 4. Nc3 g6 5. cxd5 Nxd5 6. e4 Nxc3 7. bxc3 Bg7 8.
Be3 O-O 9. Be2 Qa5 10. Qd2 b5 11. O-O Rd8 12. a4 bxa4 13. Qc2 Qc7 14. Rxa4 Nd7
15. Rfa1 Nb6 16. Ra5 Be6 17. c4 Bg4 18. Ne5 Bxe2 19. Qxe2 Nd7 20. f4 c5 21. Nf3
cxd4 22. Nxd4 Nb6 23. e5 Qxc4 24. Qf2 f6 25. Rc1 Rxd4 26. Rc5 Qxc5 0-1

[Event "35t. Copenhagen Open (Politiken Cup)"]
[Site "Elsinore"]
[Date "2013.08.03"]
[Round "9"]
[White "Segovia Sanchez, Antonio"]
[Black "Olsen, Filip Boe"]
[Result "1-0"]
[WhiteElo "2059"]
[BlackElo "1753"]
[PlyCount "87"]
[EventDate "2013.07.27"]
[EventType "swiss"]
[EventRounds "10"]
[EventCountry "DEN"]
[Source "ChessBase"]
[SourceDate "2013.08.26"]

1. d4 d5 2. Nf3 c5 3. c3 Nc6 4. dxc5 a5 5. Be3 e5 6. Na3 f5 7. g3 Nf6 8. Nc2
Ng4 9. Bg5 Qd7 10. h3 Nf6 11. b4 Qe6 12. Bxf6 Qxf6 13. Qd2 Be6 14. Bg2 axb4 15.
cxb4 d4 16. O-O Be7 17. a3 O-O 18. e3 d3 19. Qxd3 e4 20. Qb5 exf3 21. Bxf3 Ne5
22. Be2 Bd5 23. Nd4 Rfb8 24. Qb6 Nc6 25. Nxc6 Bxc6 26. Qc7 Rc8 27. Qf4 Be4 28.
g4 g5 29. Qg3 f4 30. exf4 gxf4 31. Qb3+ Kg7 32. Rad1 Rd8 33. Bf3 Qc6 34. Bxe4
Qxe4 35. Rde1 Qd3 36. Rxe7+ Kh8 37. Qf7 Qg6 38. Qxf4 Rxa3 39. Re3 Rxe3 40. fxe3
Re8 41. Kh2 Qe6 42. Rf3 Qa2+ 43. Kg3 Qa1 44. Qd4+ 1-0

[Event "35t. Copenhagen Open (Politiken Cup)"]
[Site "Elsinore"]
[Date "2013.08.03"]
[Round "9"]
[White "Skjoldager, Mikael"]
[Black "Vistisen, Lars"]
[Result "0-1"]
[WhiteElo "2088"]
[BlackElo "2177"]
[PlyCount "98"]
[EventDate "2013.07.27"]
[EventType "swiss"]
[EventRounds "10"]
[EventCountry "DEN"]
[Source "ChessBase"]
[SourceDate "2013.08.26"]

1. d4 Nf6 2. c4 c5 3. d5 e6 4. Nc3 exd5 5. cxd5 g6 6. g3 d6 7. Bg2 Bg7 8. Nf3
O-O 9. O-O a6 10. a4 Re8 11. Nd2 Nbd7 12. h3 Rb8 13. Nc4 Nb6 14. Na3 Bf5 15. a5
Nc8 16. Nc4 b5 17. axb6 Nxb6 18. Nd2 Qc8 19. Kh2 Bd7 20. Ra5 Re5 21. e4 Rh5 22.
h4 Ng4+ 23. Kg1 Ne5 24. Qe2 c4 25. f4 Nd3 26. Nf3 Nxc1 27. Rxc1 Bg4 28. Qe3 Nd7
29. Nh2 Nc5 30. Rxc5 dxc5 31. e5 Rxb2 32. Nxg4 Qxg4 33. Qf3 Qc8 34. Ne4 Rb3 35.
Qe2 c3 36. Qc4 Rb5 37. Qxc3 Qb8 38. d6 Kf8 39. Nxc5 Qxd6 40. exd6 Bxc3 41. Ne4
Bd4+ 42. Kf1 Rhd5 43. Rc8+ Kg7 44. Nc3 Rbc5 45. Rc7 Rxd6 46. Rxc5 Bxc5 47. Ne4
Rd1+ 48. Ke2 Rc1 49. Kd2 Rg1 0-1

[Event "35t. Copenhagen Open (Politiken Cup)"]
[Site "Elsinore"]
[Date "2013.08.03"]
[Round "9"]
[White "Skovgaard, Ib"]
[Black "Royset, Pal"]
[Result "0-1"]
[WhiteElo "2036"]
[BlackElo "2170"]
[PlyCount "64"]
[EventDate "2013.07.27"]
[EventType "swiss"]
[EventRounds "10"]
[EventCountry "DEN"]
[Source "ChessBase"]
[SourceDate "2013.08.26"]

1. e4 c5 2. Nf3 d6 3. d4 cxd4 4. Nxd4 Nf6 5. Nc3 a6 6. Bg5 e6 7. Qd3 h6 8. Bxf6
Qxf6 9. O-O-O Qxf2 10. Be2 Nd7 11. Rhf1 Qh4 12. Ndb5 axb5 13. Nxb5 Qg5+ 14. Rd2
Qc5 15. b4 Qc6 16. Qb3 Ne5 17. Nd4 Qb6 18. Bb5+ Ke7 19. a4 Qc7 20. Be2 Bd7 21.
a5 g6 22. Bb5 Bg7 23. Rfd1 Rhd8 24. c4 Bxb5 25. c5 Bc4 26. cxd6+ Rxd6 27. Qc3
Rc8 28. Rc2 Rcd8 29. Rdd2 Qb8 30. Kb1 Rxd4 31. Rxd4 Rxd4 32. Qxd4 Bd3 0-1

[Event "35t. Copenhagen Open (Politiken Cup)"]
[Site "Elsinore"]
[Date "2013.08.03"]
[Round "9"]
[White "Smagin, Nikita"]
[Black "Roggensack, Hans Peter"]
[Result "1/2-1/2"]
[WhiteElo "2081"]
[BlackElo "1950"]
[PlyCount "114"]
[EventDate "2013.07.27"]
[EventType "swiss"]
[EventRounds "10"]
[EventCountry "DEN"]
[Source "ChessBase"]
[SourceDate "2013.08.26"]

1. e4 e5 2. Nf3 Nf6 3. Nxe5 d6 4. Nf3 Nxe4 5. Nc3 Nxc3 6. dxc3 Be6 7. Be3 Be7
8. Bd3 Nc6 9. Qd2 h6 10. O-O Ne5 11. Nd4 Nxd3 12. Nxe6 fxe6 13. cxd3 O-O 14. d4
e5 15. dxe5 dxe5 16. Qxd8 Raxd8 17. Rfd1 a6 18. Kf1 Kf7 19. Ke2 Ke6 20. Rd3
Rxd3 21. Kxd3 Kf5 22. f3 Rd8+ 23. Kc4 Bg5 24. g4+ Ke6 25. Bg1 Rd2 26. Rb1 Bf4
27. h4 g6 28. a4 Rd5 29. h5 gxh5 30. gxh5 c6 31. Bb6 Kf5 32. b4 Bd2 33. Rg1 Bg5
34. Rg4 Rd1 35. Rg1 Rd5 36. Rg4 Rd2 37. Re4 Rd5 38. Rg4 Ke6 39. a5 Rd7 40. Re4
Kf5 41. Be3 Rd5 42. Bxg5 Kxg5 43. Rg4+ Kxh5 44. Rg7 Rb5 45. Kb3 c5 46. Ka4 c4
47. Rg4 b6 48. axb6 Rxb6 49. Rxc4 Kg5 50. Ka5 Rf6 51. Rg4+ Kf5 52. c4 h5 53.
Rg8 Kf4 54. b5 axb5 55. cxb5 Kxf3 56. Rg5 e4 57. Rxh5 e3 1/2-1/2

[Event "35t. Copenhagen Open (Politiken Cup)"]
[Site "Elsinore"]
[Date "2013.08.03"]
[Round "9"]
[White "Stojanovski, Sandi"]
[Black "Soors, Stef"]
[Result "1-0"]
[WhiteElo "2270"]
[BlackElo "2405"]
[PlyCount "97"]
[EventDate "2013.07.27"]
[EventType "swiss"]
[EventRounds "10"]
[EventCountry "DEN"]
[Source "ChessBase"]
[SourceDate "2013.08.26"]

1. d4 Nf6 2. c4 e6 3. Nc3 Bb4 4. e3 O-O 5. Bd3 c5 6. Nf3 Nc6 7. O-O Bxc3 8.
bxc3 d6 9. Nd2 e5 10. Re1 h6 11. h3 b6 12. Rb1 Re8 13. Qf3 Bd7 14. d5 e4 15.
Nxe4 Nxe4 16. Bxe4 Ne5 17. Qg3 Qg5 18. Qxg5 hxg5 19. Bc2 f5 20. e4 fxe4 21.
Bxg5 Nxc4 22. Bxe4 Rxe4 23. Rxe4 Bf5 24. Rbe1 Bxe4 25. Rxe4 b5 26. Bf4 a5 27.
Kf1 a4 28. Ke2 Kf7 29. Kd3 Rh8 30. Re6 Rh5 31. Ke4 Rh4 32. g3 Rxh3 33. Bxd6 Rh1
34. Bxc5 Re1+ 35. Kf5 g6+ 36. Kg5 Rxe6 37. dxe6+ Kxe6 38. Kxg6 Kd5 39. Bb4 Ke4
40. f4 Ne3 41. a3 Nf5 42. g4 Nh4+ 43. Kf6 Kxf4 44. g5 Nf5 45. g6 Nh6 46. g7 Ke4
47. Kg6 Ng8 48. Kf7 Nh6+ 49. Kf8 1-0

[Event "35t. Copenhagen Open (Politiken Cup)"]
[Site "Elsinore"]
[Date "2013.08.03"]
[Round "9"]
[White "Svedberg, Hans"]
[Black "Frederiksen Kristian, Pade"]
[Result "1/2-1/2"]
[WhiteElo "2011"]
[BlackElo "1823"]
[PlyCount "116"]
[EventDate "2013.07.27"]
[EventType "swiss"]
[EventRounds "10"]
[EventCountry "DEN"]
[Source "ChessBase"]
[SourceDate "2013.08.26"]

1. e4 e6 2. d4 d5 3. Nc3 Bb4 4. e5 Bf8 5. Nce2 c5 6. c3 Nc6 7. a3 c4 8. h4 Qc7
9. h5 Bd7 10. Bf4 Na5 11. Nf3 h6 12. g3 Ne7 13. Nh4 Nc8 14. Nc1 Nb6 15. Bh3 Na4
16. Qc2 O-O-O 17. O-O Kb8 18. Ne2 Be7 19. Ng2 Ka8 20. Bc1 Nb3 21. Ra2 Rdg8 22.
f4 g6 23. hxg6 fxg6 24. Ne3 Nb6 25. Kh2 h5 26. Nd1 Nxc1 27. Qxc1 g5 28. f5 exf5
29. Bxf5 g4 30. Qc2 h4 31. Kg2 Rg5 32. Ne3 Qc8 33. Raa1 hxg3 34. Nxg3 Rh4 35.
Rh1 Rg8 36. Bxd7 Qxd7 37. Nef5 Rh3 38. Qe2 Qe6 39. Nxe7 Qxe7 40. Rxh3 gxh3+ 41.
Kh2 Qg7 42. Rg1 a6 43. Qe3 Qh7 44. Qf2 Ka7 45. Re1 Nc8 46. Re2 Ne7 47. Qf3 Qg7
48. Qf2 Rf8 49. Qg1 Qg4 50. Rf2 Rf3 51. Rxf3 Qxf3 52. Qf1 Qg4 53. Qxh3 Qg5 54.
Qh5 Qd2+ 55. Qe2 Qh6+ 56. Kg2 Ng6 57. Kg1 Qc1+ 58. Nf1 Nf4 1/2-1/2

[Event "35t. Copenhagen Open (Politiken Cup)"]
[Site "Elsinore"]
[Date "2013.08.03"]
[Round "9"]
[White "Svorono, Gabriel"]
[Black "Skjolas, Erling Dyrhaug"]
[Result "1/2-1/2"]
[WhiteElo "1819"]
[BlackElo "1581"]
[PlyCount "114"]
[EventDate "2013.07.27"]
[EventType "swiss"]
[EventRounds "10"]
[EventCountry "DEN"]
[Source "ChessBase"]
[SourceDate "2013.08.26"]

1. e4 e6 2. d3 d5 3. Qe2 Nf6 4. Nf3 c5 5. g3 Nc6 6. Bg2 Be7 7. O-O O-O 8. e5
Nd7 9. c4 Nb6 10. Nc3 a6 11. h4 Nd4 12. Nxd4 cxd4 13. Nd1 dxc4 14. dxc4 d3 15.
Qe1 Nxc4 16. Qc3 Nxe5 17. Qxe5 d2 18. Nc3 dxc1=Q 19. Raxc1 Bf6 20. Qe2 Bd4 21.
Rfd1 e5 22. Nd5 Be6 23. Nc7 Rc8 24. Nxe6 fxe6 25. Rxc8 Qxc8 26. Rf1 b6 27. Be4
Qc5 28. Kg2 a5 29. Qh5 h6 30. Qg6 Rf6 31. Qh7+ Kf7 32. h5 Qf8 33. f3 Bxb2 34.
Rb1 Bd4 35. Rc1 Bc5 36. Rd1 Ke7 37. Bc6 Bd4 38. Qd3 Qd8 39. Rc1 Qd6 40. Qa6 Qc7
41. Qb7 Qxb7 42. Bxb7 Bc5 43. Rd1 Rf8 44. Ba6 e4 45. f4 e3 46. Bb5 Rd8 47. Rxd8
Kxd8 48. Kf3 Ke7 49. Ke4 Kf6 50. g4 g5 51. hxg6 Kxg6 52. Be8+ Kf6 53. Bb5 Ke7
54. Ke5 Bd6+ 55. Ke4 Bc5 56. Ke5 Bd6+ 57. Ke4 Bc5 1/2-1/2

[Event "35t. Copenhagen Open (Politiken Cup)"]
[Site "Elsinore"]
[Date "2013.08.03"]
[Round "9"]
[White "Taksrud, Vidar"]
[Black "Hansen, Rasmus Agertoft"]
[Result "1-0"]
[WhiteElo "2050"]
[BlackElo "1945"]
[PlyCount "137"]
[EventDate "2013.07.27"]
[EventType "swiss"]
[EventRounds "10"]
[EventCountry "DEN"]
[Source "ChessBase"]
[SourceDate "2013.08.26"]

1. e4 c6 2. d4 d5 3. exd5 cxd5 4. c4 Nf6 5. Nc3 Nc6 6. Nf3 g6 7. Bg5 Ne4 8.
cxd5 Nxc3 9. bxc3 Qxd5 10. Be2 Bg4 11. Qd2 Bg7 12. O-O O-O 13. h3 Bf5 14. Rac1
b5 15. c4 bxc4 16. Bxc4 Qd6 17. Rfd1 Rfd8 18. Bf4 e5 19. Ng5 Rd7 20. dxe5 Qxd2
21. Rxd2 Nxe5 22. Rxd7 Bxd7 23. Bxe5 Bxe5 24. Nxf7 Bf4 25. Rd1 Be8 26. Rd4 Bxf7
27. Bxf7+ Kxf7 28. Rxf4+ Ke6 29. Rb4 a5 30. Rb5 a4 31. Rb4 a3 32. Rb3 Ra4 33.
Kf1 Kd5 34. Ke2 Kc4 35. Kd2 Kd4 36. Rf3 Ra7 37. Kc2 Ra5 38. Kb3 Ke4 39. Kb4 Rg5
40. Re3+ Kd4 41. Rg3 Rf5 42. Kxa3 Rxf2 43. Kb3 Rf7 44. Rg4+ Kc5 45. Rg5+ Kb6
46. a4 Rf2 47. a5+ Ka6 48. Kc3 Re2 49. Kd3 Re7 50. Kd4 Re2 51. g3 Re1 52. Kd3
Rh1 53. h4 Re1 54. Kd4 Re2 55. Re5 Rg2 56. Re3 Kxa5 57. Ke4 Rf2 58. Rf3 Re2+
59. Kf4 Kb5 60. Kg5 Re5+ 61. Kf6 Rh5 62. Re3 Rf5+ 63. Kg7 Rh5 64. Re4 Kc6 65.
Rg4 Kd6 66. Rg5 Rxg5 67. hxg5 Ke7 68. Kxh7 Kf8 69. Kxg6 1-0

[Event "35t. Copenhagen Open (Politiken Cup)"]
[Site "Elsinore"]
[Date "2013.08.03"]
[Round "9"]
[White "Tallaksen, Henrik G"]
[Black "Hansen, Tommy"]
[Result "1/2-1/2"]
[WhiteElo "1725"]
[BlackElo "1804"]
[PlyCount "68"]
[EventDate "2013.07.27"]
[EventType "swiss"]
[EventRounds "10"]
[EventCountry "DEN"]
[Source "ChessBase"]
[SourceDate "2013.08.26"]

1. c4 Nc6 2. Nc3 e5 3. g3 f5 4. Bg2 Nf6 5. d3 Bb4 6. Bd2 O-O 7. a3 Bxc3 8. Bxc3
d6 9. Nf3 Qe8 10. b4 e4 11. dxe4 fxe4 12. Nd4 e3 13. f3 Ne5 14. c5 dxc5 15.
bxc5 c6 16. Qb3+ Kh8 17. Bb2 Ned7 18. Rc1 Nd5 19. Qc2 N7f6 20. h4 Qe5 21. f4
Nxf4 22. gxf4 Qxf4 23. Kd1 Ng4 24. Qc3 Nf2+ 25. Kc2 Nxh1 26. Rxh1 Qg4 27. Bf3
Qg6+ 28. Kc1 h5 29. Rh2 Qg1+ 30. Kc2 Qxh2 31. Ne6 Rf7 32. Nxg7 Kg8 33. Nxh5
Bf5+ 34. Kb3 Be6+ 1/2-1/2

[Event "35t. Copenhagen Open (Politiken Cup)"]
[Site "Elsinore"]
[Date "2013.08.03"]
[Round "9"]
[White "Thiry, Jean Christophe"]
[Black "Moller, Arne"]
[Result "1-0"]
[WhiteElo "1981"]
[BlackElo "1860"]
[PlyCount "105"]
[EventDate "2013.07.27"]
[EventType "swiss"]
[EventRounds "10"]
[EventCountry "DEN"]
[Source "ChessBase"]
[SourceDate "2013.08.26"]

1. d4 Nf6 2. Nf3 e6 3. e3 b6 4. Bd3 Bb7 5. b3 g6 6. Bb2 Bg7 7. O-O O-O 8. c4 d6
9. Nc3 Nbd7 10. e4 Re8 11. Re1 e5 12. d5 Nf8 13. b4 c5 14. dxc6 Bxc6 15. Bc2
Ne6 16. Nd5 Bb7 17. g3 Rc8 18. Bb3 Nc7 19. Nxf6+ Qxf6 20. Qe2 Ne6 21. Red1 Red8
22. Qe3 Bh6 23. Qd3 Nf4 24. gxf4 Qxf4 25. Nd2 f5 26. Qg3 fxe4 27. Qxf4 exf4 28.
Nf1 e3 29. Re1 Re8 30. fxe3 fxe3 31. c5+ Kf8 32. cxd6 Re4 33. Ng3 Rg4 34. d7
Rd8 35. Be6 Rf4 36. Rxe3 Rxb4 37. Rb3 Rf4 38. Rf1 Ke7 39. Bh3 Rxf1+ 40. Nxf1
Bd5 41. Ba3+ Kf6 42. Rb2 Be6 43. Bxe6 Kxe6 44. Re2+ Kxd7 45. Re7+ Kc6 46. Rxh7
Rd3 47. Rxa7 Bf4 48. Bb4 Bd6 49. Bxd6 Rxd6 50. Ra3 Kb5 51. Ne3 Rd2 52. Rb3+ Kc5
53. Rxb6 1-0

[Event "35t. Copenhagen Open (Politiken Cup)"]
[Site "Elsinore"]
[Date "2013.08.03"]
[Round "9"]
[White "Thuesen, Mogens Henrik"]
[Black "Halamus, Agata"]
[Result "1-0"]
[WhiteElo "2267"]
[BlackElo "2046"]
[PlyCount "109"]
[EventDate "2013.07.27"]
[EventType "swiss"]
[EventRounds "10"]
[EventCountry "DEN"]
[Source "ChessBase"]
[SourceDate "2013.08.26"]

1. c4 Nf6 2. Nc3 d5 3. cxd5 Nxd5 4. g3 e5 5. Bg2 Nb6 6. Nf3 Nc6 7. a3 a5 8. O-O
Be7 9. d3 O-O 10. Be3 Re8 11. Rc1 Bf8 12. Nb5 f6 13. Nxc7 Qxc7 14. Qb3+ Be6 15.
Qxb6 Qxb6 16. Bxb6 Ra6 17. Bc5 Bxc5 18. Rxc5 Rb6 19. Rc2 a4 20. e3 Rd8 21. Ne1
Bb3 22. Rd2 Na5 23. Re2 Bd1 24. Rd2 Bh5 25. Rc2 Nb3 26. f4 Bd1 27. Rcf2 exf4
28. gxf4 Nc1 29. Rd2 Be2 30. Rf2 Bxd3 31. Be4 Rbd6 32. Bxb7 Bb5 33. Nf3 Nd3 34.
Rg2 Nc5 35. Rxd6 Rxd6 36. Nd4 Rxd4 37. exd4 Nxb7 38. Rc2 Nd6 39. Rc7 h6 40. Ra7
Kh7 41. Kf2 Kg6 42. d5 Kf5 43. Ke3 Be8 44. Rxg7 Bf7 45. Kd4 Kxf4 46. Rg1 f5 47.
Rf1+ Kg5 48. b3 axb3 49. a4 Be8 50. a5 Nb5+ 51. Kc5 b2 52. a6 Kf6 53. Rb1 Nc3
54. Rxb2 Na4+ 55. Kd4 1-0

[Event "35t. Copenhagen Open (Politiken Cup)"]
[Site "Elsinore"]
[Date "2013.08.03"]
[Round "9"]
[White "Torkilseng, Runar"]
[Black "Kyrkjebo, Marte Bakken"]
[Result "1-0"]
[WhiteElo "1827"]
[BlackElo "1641"]
[PlyCount "95"]
[EventDate "2013.07.27"]
[EventType "swiss"]
[EventRounds "10"]
[EventCountry "DEN"]
[Source "ChessBase"]
[SourceDate "2013.08.26"]

1. d4 d5 2. c4 c6 3. e3 Nf6 4. Nf3 a6 5. Nbd2 b5 6. cxb5 cxb5 7. Bd3 Bb7 8. O-O
e6 9. Ne5 Nc6 10. f4 Be7 11. Ndf3 O-O 12. Bd2 Rc8 13. Rc1 Re8 14. Qe2 Nd7 15.
a4 Ncxe5 16. Nxe5 Nxe5 17. fxe5 h6 18. axb5 axb5 19. Bxb5 Rf8 20. b4 Qb6 21.
Bd3 Ra8 22. Ra1 Rfb8 23. b5 Bc8 24. Qh5 f5 25. exf6 gxf6 26. Rxa8 Rxa8 27. Qg6+
Kf8 28. Qxh6+ Ke8 29. Rc1 Bb7 30. Qh8+ Kd7 31. Qg7 Rf8 32. Bb4 Qd8 33. Qxe7+
Qxe7 34. Bxe7 Kxe7 35. Rc7+ Kd6 36. Rxb7 Ra8 37. Bf1 Ra2 38. h4 e5 39. h5 exd4
40. exd4 Ra4 41. h6 Rxd4 42. h7 Rh4 43. Bd3 f5 44. Bxf5 Ke5 45. Rb8 Kxf5 46.
h8=Q Rxh8 47. Rxh8 d4 48. Kf2 1-0

[Event "35t. Copenhagen Open (Politiken Cup)"]
[Site "Elsinore"]
[Date "2013.08.03"]
[Round "9"]
[White "Van Kampen, Robin"]
[Black "Kunin, Vitaly"]
[Result "1-0"]
[WhiteElo "2595"]
[BlackElo "2502"]
[PlyCount "119"]
[EventDate "2013.07.27"]
[EventType "swiss"]
[EventRounds "10"]
[EventCountry "DEN"]
[Source "ChessBase"]
[SourceDate "2013.08.26"]

1. e4 e5 2. Bc4 Nf6 3. d3 c6 4. Nf3 d5 5. Bb3 Bd6 6. O-O O-O 7. Bg5 dxe4 8.
dxe4 h6 9. Bh4 Qe7 10. Nbd2 Be6 11. Nc4 Bc7 12. Nfd2 Nbd7 13. Ne3 Bxb3 14. axb3
Qe6 15. Qf3 g6 16. Rfd1 Bd8 17. Ndc4 Bc7 18. b4 Nh7 19. Qg4 Qxg4 20. Nxg4 Nb6
21. Nxb6 axb6 22. Nxh6+ Kg7 23. Ng4 Rxa1 24. Rxa1 f5 25. exf5 gxf5 26. Ne3 e4
27. g3 Rf7 28. Ra7 f4 29. Ng2 f3 30. Ne3 Be5 31. Ra8 Nf8 32. Re8 Ng6 33. Bd8 b5
34. Bb6 Rd7 35. b3 Rd2 36. h4 Kf7 37. Rd8 Re2 38. h5 Ne7 39. Bc5 b6 40. Bxb6
Nd5 41. Nxd5 cxd5 42. Rxd5 Ke6 43. c4 bxc4 44. bxc4 Rc2 45. Bd4 Bxd4 46. Rxd4
Ke5 47. h6 Kxd4 48. h7 Rc1+ 49. Kh2 Kd3 50. h8=Q e3 51. Qf6 Rf1 52. fxe3 Ke2
53. Qb2+ Ke1 54. Qc3+ Ke2 55. c5 Rd1 56. Qc4+ Kxe3 57. c6 f2 58. c7 Rd2 59.
Qf4+ Kd3 60. Kg2 1-0

[Event "35t. Copenhagen Open (Politiken Cup)"]
[Site "Elsinore"]
[Date "2013.08.03"]
[Round "9"]
[White "Willumsen, Henrik"]
[Black "Hedin, Niclas"]
[Result "0-1"]
[WhiteElo "2127"]
[BlackElo "1969"]
[PlyCount "126"]
[EventDate "2013.07.27"]
[EventType "swiss"]
[EventRounds "10"]
[EventCountry "DEN"]
[Source "ChessBase"]
[SourceDate "2013.08.26"]

1. e4 e5 2. Nf3 Nc6 3. Bb5 a6 4. Ba4 Nf6 5. O-O Be7 6. Re1 b5 7. Bb3 d6 8. c3
O-O 9. d3 Na5 10. Bc2 c5 11. Nbd2 Nc6 12. Nf1 Qc7 13. Bg5 Re8 14. Ne3 Be6 15.
a4 Rab8 16. axb5 axb5 17. Bxf6 Bxf6 18. Nd5 Bxd5 19. exd5 Ne7 20. Qe2 g6 21.
Qe4 Bg7 22. d4 f5 23. Qh4 Nxd5 24. dxe5 dxe5 25. c4 e4 26. cxd5 exf3 27. gxf3
Bxb2 28. Rab1 Qg7 29. d6 Rxe1+ 30. Rxe1 Bf6 31. Qf4 Rd8 32. Qd2 Qf7 33. Qa5 Qd7
34. Kg2 Kg7 35. Rd1 Qc6 36. Qa7+ Rd7 37. Qb8 Bd4 38. Bb3 Qxd6 39. Qg8+ Kh6 40.
Bc2 Rd8 41. Qf7 Rd7 42. Qe8 b4 43. Re1 Rb7 44. Bb3 Qf4 45. Bd5 Qh4 46. Re2 Ra7
47. Qf8+ Bg7 48. Qxc5 Ra1 49. Qe3+ Kh5 50. f4 Ra3 51. Bf3+ Kh6 52. Qe7 Bf6 53.
Qb7 Qxf4 54. Re6 Qg5+ 55. Kf1 Ra1+ 56. Re1 Rxe1+ 57. Kxe1 Qc1+ 58. Ke2 Qc2+ 59.
Kf1 b3 60. Qb6 b2 61. Qxf6 Qc1+ 62. Ke2 Qc4+ 63. Ke3 Qb4 0-1

[Event "35t. Copenhagen Open (Politiken Cup)"]
[Site "Elsinore"]
[Date "2013.08.03"]
[Round "9"]
[White "Zyde, Fadmal"]
[Black "Olsson, Tomas"]
[Result "1/2-1/2"]
[WhiteElo "1675"]
[BlackElo "1932"]
[PlyCount "89"]
[EventDate "2013.07.27"]
[EventType "swiss"]
[EventRounds "10"]
[EventCountry "DEN"]
[Source "ChessBase"]
[SourceDate "2013.08.26"]

1. e4 e5 2. Nf3 Nc6 3. d4 exd4 4. Nxd4 Bc5 5. Nf3 Nf6 6. Bd3 d6 7. Nc3 a6 8.
Bg5 h6 9. Bh4 Ne5 10. Nd5 g5 11. Bg3 c6 12. Nc3 Nxf3+ 13. gxf3 Be6 14. Qd2 Qe7
15. a3 Nh5 16. Na4 Ba7 17. Qc3 f6 18. b4 Bd7 19. O-O-O Nxg3 20. fxg3 b5 21. Nb2
Qe5 22. Qxe5+ dxe5 23. Be2 Ke7 24. g4 Rad8 25. h4 Be3+ 26. Kb1 Be6 27. Nd3 Bc4
28. c3 Bb3 29. Rdf1 Bc4 30. Kc2 Kf7 31. Re1 Bxd3+ 32. Bxd3 Bf2 33. Re2 Bxh4 34.
c4 Bg3 35. c5 Rd4 36. Kc3 Kg6 37. Ra2 Rhd8 38. Rd1 h5 39. gxh5+ Kxh5 40. Rh1+
Kg6 41. Rd1 R8d7 42. Kc2 Rh7 43. Be2 Rhd7 44. Bd3 Bf4 45. Raa1 1/2-1/2

[Event "35t. Copenhagen Open (Politiken Cup)"]
[Site "Elsinore"]
[Date "2013.08.04"]
[Round "10"]
[White "Alfven, Jorgen"]
[Black "Smagin, Nikita"]
[Result "1/2-1/2"]
[WhiteElo "1851"]
[BlackElo "2081"]
[PlyCount "119"]
[EventDate "2013.07.27"]
[EventType "swiss"]
[EventRounds "10"]
[EventCountry "DEN"]
[Source "ChessBase"]
[SourceDate "2013.08.26"]

1. d4 f5 2. Nf3 Nf6 3. g3 g6 4. Bg2 Bg7 5. O-O O-O 6. Nbd2 d6 7. c3 Nc6 8. Qb3+
e6 9. Ne1 h6 10. Nd3 Kh7 11. e4 e5 12. dxe5 dxe5 13. Qc2 f4 14. gxf4 Nh5 15. f5
gxf5 16. exf5 Bxf5 17. Ne4 Qh4 18. Qe2 Nf4 19. Bxf4 exf4 20. f3 Rad8 21. Rad1
Rd5 22. Ndf2 Rfd8 23. Rxd5 Rxd5 24. Rd1 Qd8 25. Rxd5 Qxd5 26. Nd3 Qxa2 27. Nxf4
Qb1+ 28. Bf1 Be5 29. Nd3 Bh3 30. f4 Bxf1 31. Qxf1 Qxf1+ 32. Kxf1 Bg7 33. Nec5
Nd8 34. Ke2 Kg6 35. Kf3 b6 36. Ne4 c5 37. Nd6 Nc6 38. Ke4 Ne7 39. f5+ Kg5 40.
Nf4 Kg4 41. Ne8 Nxf5 42. h3+ Kg5 43. Ne6+ Kg6 44. N6xg7 Nxg7 45. Nd6 Ne6 46.
Nc8 Ng5+ 47. Ke3 Nxh3 48. Nxa7 Ng5 49. c4 Kf5 50. Nc8 Ke5 51. Nxb6 h5 52. Nd7+
Kd6 53. Nf6 h4 54. Kf4 h3 55. Kxg5 h2 56. Ne4+ Ke5 57. Nf2 Kd4 58. Kf4 Kxc4 59.
Kg3 Kb3 60. Kxh2 1/2-1/2

[Event "35t. Copenhagen Open (Politiken Cup)"]
[Site "Elsinore"]
[Date "2013.08.04"]
[Round "10"]
[White "Alquist, Erik"]
[Black "Klitgaard, Ebbe"]
[Result "1-0"]
[WhiteElo "2053"]
[BlackElo "1935"]
[PlyCount "67"]
[EventDate "2013.07.27"]
[EventType "swiss"]
[EventRounds "10"]
[EventCountry "DEN"]
[Source "ChessBase"]
[SourceDate "2013.08.26"]

1. e4 d5 2. exd5 Qxd5 3. Nc3 Qa5 4. d4 c6 5. Nf3 Nf6 6. Bc4 Bf5 7. Bd2 e6 8.
Nd5 Qd8 9. Nxf6+ Qxf6 10. Qe2 Nd7 11. O-O-O Bd6 12. d5 cxd5 13. Bg5 Qg6 14.
Rxd5 Be4 15. Rxd6 Bxf3 16. Qd2 Bc6 17. h4 h6 18. Bf4 Qxg2 19. Rd1 Qe4 20. Bxe6
fxe6 21. Re1 Qc4 22. Rdxe6+ Kf7 23. Qd6 Qxa2 24. Re7+ Kg8 25. Qg6 Qa1+ 26. Kd2
Qxb2 27. Be5 Qb4+ 28. Bc3 Qf4+ 29. R1e3 Qxf2+ 30. Kc1 Qf1+ 31. Re1 Qf4+ 32. Kb1
Rh7 33. Rxg7+ Kf8 34. Rg8# 1-0

[Event "35t. Copenhagen Open (Politiken Cup)"]
[Site "Elsinore"]
[Date "2013.08.04"]
[Round "10"]
[White "Ancion, Merowig"]
[Black "Hansen, Victor"]
[Result "0-1"]
[WhiteElo "1954"]
[BlackElo "2089"]
[PlyCount "104"]
[EventDate "2013.07.27"]
[EventType "swiss"]
[EventRounds "10"]
[EventCountry "DEN"]
[Source "ChessBase"]
[SourceDate "2013.08.26"]

1. d4 d5 2. Nf3 Nf6 3. e3 g6 4. Be2 Bg7 5. O-O O-O 6. b3 c5 7. Bb2 cxd4 8. exd4
Bg4 9. Ne5 Bxe2 10. Qxe2 Nbd7 11. Nd2 Nxe5 12. dxe5 Nd7 13. c4 Qc7 14. Rfe1
dxc4 15. Nxc4 Nc5 16. Rac1 Rad8 17. Nd2 Qd7 18. Rxc5 Qxd2 19. Kf1 Qh6 20. Qf3
Qxh2 21. Qh3 Qxh3 22. gxh3 Rd2 23. Re2 Rxe2 24. Kxe2 Rb8 25. Rc7 e6 26. f4 Bh6
27. Kf3 g5 28. fxg5 Bxg5 29. Ba3 Bd8 30. Rd7 Bb6 31. Be7 Kg7 32. h4 Rc8 33.
Bf6+ Kg6 34. Rxb7 Rc3+ 35. Ke4 Rh3 36. Kf4 Rh2 37. Rb8 Rf2+ 38. Kg4 h5+ 39. Kg3
Rxa2 40. Rg8+ Kf5 41. Rg5+ Ke4 42. Rxh5 Rb2 43. Rh7 Rxb3+ 44. Kg4 a5 45. Rxf7
a4 46. Rf8 a3 47. Ra8 Bc5 48. h5 Rb2 49. Ra4+ Kd5 50. Kg3 a2 51. h6 Rb3+ 52.
Kg2 Ba3 0-1